<?xml version="1.0" encoding="UTF-8"?>
<marc:record xmlns:marc="http://www.loc.gov/MARC21/slim">
   <marc:leader>00000nam a2200000 a 4500</marc:leader>
   <marc:datafield ind1="1" ind2=" " tag="100">
      <marc:subfield code="a">Hill, Roxann</marc:subfield>
      <marc:subfield code="4">aut</marc:subfield>
      <marc:subfield code="e">Verfasser/-in</marc:subfield>
   </marc:datafield>
   <marc:datafield ind1="0" ind2="0" tag="245">
      <marc:subfield code="a">Wo die toten Kinder leben</marc:subfield>
   </marc:datafield>
   <marc:datafield ind1="0" ind2="0" tag="245">
      <marc:subfield code="c">Roxann Hill</marc:subfield>
   </marc:datafield>
   <marc:datafield ind1=" " ind2="1" tag="264">
      <marc:subfield code="a">Hamburg</marc:subfield>
      <marc:subfield code="b">HarperCollins</marc:subfield>
      <marc:subfield code="c">2017</marc:subfield>
   </marc:datafield>
   <marc:datafield ind1=" " ind2=" " tag="250">
      <marc:subfield code="a">1. Auflage</marc:subfield>
   </marc:datafield>
   <marc:datafield ind1="1" ind2=" " tag="520">
      <marc:subfield code="a">Angaben aus der Verlagsmeldung

Wo die toten Kinder leben Wo die toten Kinder leben / von Roxann Hill

Die verkohlte Leiche einer jungen Frau liegt bizarr verrenkt auf einer Waldlichtung: Unfassbarerweise scheint es sich dabei um einen Selbstmord zu handeln. Der rätselhafte Tod ruft Ex-Polizistin Anne Steinbach auf den Plan. Da dies nicht der erste mysteriöse Suizid in der Region ist, beginnt sie in den Fällen zu ermitteln. Ihr wird der Priester und Kirchenermittler Paul Wagner zur Seite gestellt. Das ungleiche Paar gräbt tief in den Geheimnissen der örtlichen Gemeinde. Als ein Anschlag auf Paul verübt wird, weiß Anne, dass sie auf der richtigen Spur sind …
</marc:subfield>
   </marc:datafield>
   <marc:datafield ind1=" " ind2=" " tag="020">
      <marc:subfield code="a">9783959671378</marc:subfield>
      <marc:subfield code="9">9783959671378</marc:subfield>
   </marc:datafield>
   <marc:datafield ind1=" " ind2=" " tag="020">
      <marc:subfield code="a">3959671377</marc:subfield>
      <marc:subfield code="9">3959671377</marc:subfield>
   </marc:datafield>
   <marc:datafield ind1=" " ind2=" " tag="041">
      <marc:subfield code="a">ger</marc:subfield>
   </marc:datafield>
   <marc:datafield ind1=" " ind2=" " tag="300">
      <marc:subfield code="a">272 Seiten</marc:subfield>
   </marc:datafield>
</marc:record>
